000
00261nam a2200109 a 4500
005
20140414131936.0
008
110120s19uu xx 00 eng d
050
_a
REF 912
_b
G89 2003
245
_a
The Grolier World Atlas.
650
_a
Atlases.
999
_c
112461
_d
112461